000 00385nam a2200145Ia 4500
008 230411s9999 xx 000 0 und d
020 _a81-8061-176-0
041 _aeng
082 _aC/004/THA/SHE/B02570
100 _aThacker N & Shendurnikar N Ed.
245 _aComputers For Doctors
260 _bJaypee Brothers
_aNew Delhi
_c2003
300 _a245p
999 _c153748
_d153748